000 00987cam a22002891 4500
001 4083698
003 OSt
005 20140310182110.0
008 720818s1951 nyu 000 0 eng
010 _a 72212053
040 _aDLC
_cDLC
_dDLC
043 _an-us---
050 0 0 _aE 184.A1
_b.H27 1951
082 _aHS 811
_bH19 1951
100 1 _aHandlin, Oscar
_d1915-2011.
_913425
245 1 4 _aThe uprooted :
_bthe epic story of the great migrations that made the American people /
260 _aNew York :
_bGrosset & Dunlap
_cc1951.
300 _a310 p. :
_c21 cm.
490 0 _aGrosset's universal library, 23
650 0 _aImmigrants
_zUnited States
_xHistory.
_913426
650 0 _aAcculturation
_zUnited States
_xHistory.
_913427
651 0 _aUnited States
_xEmigration and immigration
_xHistory.
_913428
710 2 _aRouben Mamoulian Collection (Library of Congress)
_5DLC
_93118
906 _a7
_bcbc
_corignew
_d4
_encip
_f19
_gy-gencatlg
942 _2lcc
_cHS
999 _c9385
_d9385